La Antorcha Escondida /
Tallennettuna:
| Päätekijä: | |
|---|---|
| Aineistotyyppi: | Tuntematon |
| Kieli: | Spanish |
| Julkaistu: |
Argentina :
Libreri Hachette,
1943.
|
| Sarja: | (Colección Biblioteca de Bolsillo)
|
| Aiheet: | |
| Tagit: |
Lisää tagi
Ei tageja, Lisää ensimmäinen tagi!
|
MARC
| LEADER | 000000000a22000000004500 | ||
|---|---|---|---|
| 001 | 003018 | ||
| 041 | 0 | |a spa | |
| 082 | 0 | 4 | |a 852.91 |b A615a |
| 100 | 1 | |a D'anuario, Gabriel | |
| 245 | 1 | 3 | |a La Antorcha Escondida / |c Gabriel D'anuario. |
| 260 | 1 | |a Argentina : |b Libreri Hachette, |c 1943. | |
| 300 | |a 134 páginas | ||
| 490 | 1 | |a (Colección Biblioteca de Bolsillo) | |
| 650 | 4 | |a LITERATURA ITALIANA | |
| 650 | 4 | |a TEATRO | |
| 999 | |c 9334 |d 9334 | ||
| 942 | |c BK |h 852.91 A615a |2 z | ||
